| 000 | 00450nam a2200121Ia 4500 | ||
|---|---|---|---|
| 008 | 171212s9999 xx 000 0 und d | ||
| 020 | _a9780833086198 | ||
| 100 | _aLaTourrette, Tom;Clancy, Noreen | ||
| 245 |
_cLaTourrette, Tom;Clancy, Noreen _aThe Impact on Federal Spending of Allowing the Terrorism Risk Insurance Act to Expire |
||
| 260 |
_bRAND Corporation _c2014 |
||
| 650 | _aHistory | ||
| 856 | _uhttp://www.jstor.org/stable/10.7249/j.ctt6wq8dx | ||
| 999 |
_c352677 _d352677 |
||